| 000 | 00483 a2200193 4500 | ||
|---|---|---|---|
| 005 | 20250514124532.0 | ||
| 008 | 250514b |||||||| |||| 00| 0 eng d | ||
| 020 |
_a9788192054964 _cRs. 250.00 |
||
| 040 | _aMAIN | ||
| 082 |
_a181.45 _bP565A |
||
| 100 | _aPhogat, Sonu | ||
| 245 | _aAshtanga Yoga | ||
| 260 |
_bRaghav Publications _aNew Delhi _c2022 |
||
| 300 | _a244 | ||
| 650 | _aAshtang Yoga | ||
| 650 | _aHindu Philosophy | ||
| 650 | _aPatanjali Yoga- Sutra | ||
| 942 | _cBK | ||
| 999 |
_c359018 _d359018 |
||